000 00679nam a2200205 i 4500
001 180951
003 ES-MaACL
005 20250807234524.0
008 120903q19501959sp a |||| |dspa d
100 1 _aBofarull, J.
_9151402
245 1 3 _aEl hombre de las cavernas /
_cJ. Bofarull ; portada e ilustraciones de Chaco.
260 _aBarcelona :
_bEdiciones G.P.,
_c[195-]
300 _a64 p. :
_bil. ;
_c11 cm.
490 1 _aEnciclopedia pulga ;
_v186
650 0 7 _aHombre prehistórico
_2embne
_913455
700 1 _aChacopino Fabre, Joaquín.
_9150736
830 0 _aEnciclopedia pulga ;
_v186
_9191296
852 _aES-MaACL
_j2311-F-39
999 _c180951
_d180951